Loading...
| Current Events | 2 | 15.00 | 100% | 50% | 0% |
| Fine Arts - Classical Music | 4 | 5.00 | 50% | 0% | 0% |
| Fine Arts - Other Fine Arts | 2 | 5.00 | 50% | 0% | 0% |
| Fine Arts - Painting and Sculpture | 2 | 15.00 | 100% | 50% | 0% |
| History - European History | 2 | 15.00 | 100% | 50% | 0% |
| History - Other History | 2 | 15.00 | 100% | 50% | 0% |
| History - World History | 3 | 16.67 | 100% | 67% | 0% |
| Literature - American Literature | 3 | 6.67 | 67% | 0% | 0% |
| Literature - British Literature | 2 | 5.00 | 50% | 0% | 0% |
| Literature - European Literature | 2 | 10.00 | 50% | 50% | 0% |
| Literature - World Literature | 5 | 4.00 | 40% | 0% | 0% |
| Mythology | 2 | 15.00 | 100% | 50% | 0% |
| Philosophy | 3 | 6.67 | 67% | 0% | 0% |
| Religion | 4 | 10.00 | 75% | 0% | 25% |
| Science - Biology | 3 | 10.00 | 100% | 0% | 0% |
| Science - Chemistry | 1 | 0.00 | 0% | 0% | 0% |
| Science - Other Science | 4 | 2.50 | 25% | 0% | 0% |
| Science - Physics | 5 | 14.00 | 80% | 20% | 40% |
| Social Science | 2 | 10.00 | 100% | 0% | 0% |